[Event "EU-chT Seniors 07th"]
[Site "Dresden"]
[Date "2005.02.18"]
[Round "1"]
[White "Karl, Hans"]
[Black "Luetje, Juergen"]
[Result "1-0"]
[WhiteElo "2284"]
[BlackElo "2164"]
[EventDate "2005.02.18"]
[PlyCount "111"]

1.d4 d5 2.Nf3 Nf6 3.g3 g6 4.Bg2 Bg7 5.c4 c6 6.Nbd2 O-O 7.b3 Ne4 8.Bb2 Qa5 
9.O-O Nxd2 10.Nxd2 Be6 11.Qc2 Bf5 12.e4 dxe4 13.Nxe4 Nd7 14.Qe2 Rad8 15.
Bc3 Qc7 16.Rac1 e5 17.d5 Bxe4 18.Bxe4 f5 19.dxc6 bxc6 20.Bg2 Rfe8 21.Qb2 
Bf8 22.Rcd1 e4 23.Rfe1 Nc5 24.Bf1 Rxd1 25.Rxd1 Rd8 26.Rxd8 Qxd8 27.Qd2 
Qxd2 28.Bxd2 Ne6 29.Be2 c5 30.f3 Nd4 31.Kf2 Kf7 32.fxe4 fxe4 33.Bf4 h5 34.
Bd1 Ke6 35.Ke3 Kf5 36.h3 g5 37.g4+ Kf6 38.Bc7 Ne6 39.Bb8 hxg4 40.Bxg4 Nd4 
41.Kxe4 Nc6 42.Bc7 Be7 43.Bd7 Nb4 44.a3 Nc2 45.Bb8 a6 46.Kd5 Ne3+ 47.Kc6 
Nc2 48.Kb6 Nd4 49.Ba4 Nc2 50.Kxa6 Nxa3 51.Kb6 Nc2 52.Kc6 Ke6 53.Bg3 Nd4+ 
54.Kc7 Nc2 55.Bd7+ Kf7 56.Bg4 1-0

[Event "EU-chT Seniors 07th"]
[Site "Dresden"]
[Date "2005.02.18"]
[Round "1"]
[White "Krieger, Hermann"]
[Black "Turikov, Viktor"]
[Result "1/2-1/2"]
[WhiteElo "2260"]
[BlackElo "2351"]
[EventDate "2005.02.18"]
[PlyCount "140"]

1.e4 b6 2.d4 Bb7 3.Bd3 Nf6 4.Qe2 e6 5.Nf3 c5 6.c3 Be7 7.O-O d5 8.e5 Nfd7 
9.Nbd2 Nc6 10.Re1 cxd4 11.cxd4 Nb4 12.Bb1 Ba6 13.Qd1 Nd3 14.Re3 Nxc1 15.
Qxc1 Rc8 16.Qd1 Qc7 17.Rc3 Qb7 18.Rxc8+ Qxc8 19.Bc2 O-O 20.Rc1 Qb7 21.Nf1 
Rc8 22.Qd2 Nf8 23.h4 Qd7 24.Ne3 Qb5 25.a3 Ng6 26.g3 Qe2 27.Qxe2 Bxe2 28.
Ne1 Bf8 29.f4 Ne7 30.Kf2 Ba6 31.g4 Nc6 32.Rd1 Na5 33.Nf3 Be7 34.f5 Bc4 35.
g5 Bb3 36.Bxb3 Nxb3 37.f6 Bd8 38.fxg7 Kxg7 39.a4 Be7 40.Rd3 Nc1 41.Rd1 a5 
42.Ne1 Na2 43.Nd3 h6 44.gxh6+ Kxh6 45.Kg3 Nb4 46.Nf4 Kh7 47.Kh3 Rc6 48.Nh5
Kh6 49.Nf4 Nc2 50.Nfxd5 Nxe3 51.Nxe3 Kh5 52.d5 Rc5 53.Rd4 b5 54.d6 Bd8 55.
Ng4 bxa4 56.Rxa4 Rb5 57.Nf6+ Bxf6 58.exf6 Rb3+ 59.Kg2 Rxb2+ 60.Kf3 Rd2 61.
Rxa5+ Kg6 62.Ra6 Kxf6 63.Ke3 Rd5 64.Ke4 Kg6 65.Ke3 f6 66.d7 e5 67.h5+ Kg5 
68.h6 Kxh6 69.Ke4 Rd4+ 70.Kf5 e4 1/2-1/2

[Event "EU-chT Seniors 07th"]
[Site "Dresden"]
[Date "2005.02.18"]
[Round "1"]
[White "Krylov, Stanislav"]
[Black "Betz, Egon"]
[Result "1-0"]
[WhiteElo "2234"]
[BlackElo "2031"]
[EventDate "2005.02.18"]
[PlyCount "93"]

1.c4 f5 2.Nc3 Nf6 3.g3 g6 4.Bg2 Bg7 5.d3 d6 6.Nf3 c6 7.O-O O-O 8.Bd2 e5 9.
Qc1 Nh5 10.e3 Na6 11.d4 e4 12.Ne1 Bd7 13.Nc2 Nc7 14.Ne2 g5 15.Qd1 g4 16.
Bc3 d5 17.cxd5 cxd5 18.Bb4 Rf6 19.Ba5 b6 20.Bb4 Bb5 21.Re1 Ne6 22.Nf4 
Nhxf4 23.exf4 Rc8 24.Bc3 Nf8 25.Ne3 Qd7 26.a4 Bd3 27.Qb3 Bc4 28.Qd1 Bd3 
29.Qb3 Bc4 30.Qd1 Bd3 31.a5 b5 32.Qd2 Rfc6 33.Bf1 Bxf1 34.Rxf1 Ng6 35.Qd1 
Bf8 36.Qb3 b4 37.Bd2 Bg7 38.Qxb4 Ne7 39.Bc3 a6 40.Qb3 R8c7 41.Ra4 Rb7 42.
Rb4 Rcc7 43.Rb6 Rxb6 44.axb6 Rb7 45.Ra1 Qb5 46.Qxb5 axb5 47.Ra7 1-0

[Event "EU-chT Seniors 07th"]
[Site "Dresden"]
[Date "2005.02.18"]
[Round "1"]
[White "Kuehn, Peter2"]
[Black "Shapiro, Yosip"]
[Result "1/2-1/2"]
[WhiteElo "2026"]
[BlackElo "2123"]
[EventDate "2005.02.18"]
[PlyCount "57"]

1.e4 c5 2.Nf3 Nc6 3.d4 cxd4 4.Nxd4 Nf6 5.Nc3 e5 6.Ndb5 d6 7.Bg5 a6 8.Na3 
b5 9.Nd5 Be7 10.Bxf6 Bxf6 11.c3 Bg5 12.Nc2 O-O 13.a4 Rb8 14.axb5 axb5 15.
Be2 Be6 16.O-O Ne7 17.Ncb4 Bxd5 18.exd5 Qd7 19.Ra5 Rfc8 20.Qd3 f5 21.Rfa1 
e4 22.Qd1 Rb7 23.Ra8 Kf7 24.h3 Rcb8 25.R1a5 Qc7 26.Rxb8 Rxb8 27.Rxb5 Rxb5 
28.Bxb5 Qc5 29.Qh5+ 1/2-1/2

[Event "EU-chT Seniors 07th"]
[Site "Dresden"]
[Date "2005.02.18"]
[Round "1"]
[White "Kverndal, Leif"]
[Black "MacDonald Ross, Michael"]
[Result "1/2-1/2"]
[WhiteElo "1948"]
[BlackElo "2195"]
[EventDate "2005.02.18"]
[PlyCount "35"]

1.d4 d5 2.Nf3 Nf6 3.Bf4 c5 4.e3 Nc6 5.Be2 Qb6 6.b3 e6 7.O-O Be7 8.Nc3 cxd4
9.exd4 O-O 10.Nb5 Qd8 11.Bc7 Qd7 12.Ne5 Nxe5 13.Bxe5 a6 14.Nc3 Qc6 15.Qd3 
Bd7 16.Nd1 b5 17.Ne3 b4 18.Bxf6 1/2-1/2

[Event "EU-chT Seniors 07th"]
[Site "Dresden"]
[Date "2005.02.18"]
[Round "1"]
[White "Landgraf, Siegfried"]
[Black "Gaprindashvili, Nona"]
[Result "0-1"]
[WhiteElo "2161"]
[BlackElo "2309"]
[EventDate "2005.02.18"]
[PlyCount "76"]

1.d4 g6 2.Nf3 Bg7 3.c4 d6 4.g3 Nd7 5.Bg2 e5 6.Nc3 Nh6 7.O-O O-O 8.e4 f6 9.
Re1 c6 10.d5 c5 11.Qc2 Nf7 12.a3 Nb6 13.b3 f5 14.a4 Rb8 15.Bd2 Qf6 16.Qc1 
f4 17.gxf4 Bg4 18.f5 gxf5 19.Ng5 Nxg5 20.Bxg5 Qg6 21.f3 f4 22.fxg4 Qxg5 
23.Bf3 h5 24.Kh1 hxg4 25.Rg1 g3 26.Rxg3 Qh6 27.Rg2 Kf7 28.Qg1 Bf6 29.Nb5 
Nc8 30.Nc7 Rh8 31.Ne6 Ne7 32.Raa2 Rh7 33.Ng5+ Bxg5 34.Rxg5 Qh3 35.Bg4 Qxb3
36.Be6+ Kf6 37.Rag2 Qf3 38.Bg4 Qxe4 0-1

[Event "EU-chT Seniors 07th"]
[Site "Dresden"]
[Date "2005.02.18"]
[Round "1"]
[White "Malich, Burkhard"]
[Black "Reuben, Stewart"]
[Result "1-0"]
[WhiteElo "2367"]
[BlackElo "2147"]
[EventDate "2005.02.18"]
[PlyCount "77"]

1.d4 Nf6 2.Nf3 e6 3.c4 c5 4.e3 d5 5.Nc3 Nc6 6.cxd5 Nxd5 7.Bc4 Nxc3 8.bxc3 
Qc7 9.O-O Be7 10.Qe2 O-O 11.Bd3 b6 12.Bb2 Bb7 13.e4 Rac8 14.d5 exd5 15.
exd5 Na5 16.c4 b5 17.Qc2 Nxc4 18.Bxh7+ Kh8 19.Qf5 Nxb2 20.Rae1 g6 21.Bxg6 
fxg6 22.Qxg6 Bf6 23.Ng5 Bxd5 24.Re3 Qg7 25.Qh5+ Kg8 26.Rg3 Bc4 27.Ne4 Qxg3
28.hxg3 Bxf1 29.Nxf6+ Rxf6 30.Qg4+ Kf7 31.Qxc8 Bc4 32.Qxc5 a6 33.g4 Nd3 
34.Qh5+ Kg7 35.g5 Rxf2 36.Qh6+ Kg8 37.g6 Rxa2 38.Qh7+ Kf8 39.g7+ 1-0

[Event "EU-chT Seniors 07th"]
[Site "Dresden"]
[Date "2005.02.18"]
[Round "1"]
[White "Mann, Klaus Dieter"]
[Black "Johannessen, Svein"]
[Result "1/2-1/2"]
[WhiteElo "2077"]
[BlackElo "2291"]
[EventDate "2005.02.18"]
[PlyCount "71"]

1.e4 e6 2.d4 d5 3.e5 c5 4.c3 Qb6 5.a3 Bd7 6.Nf3 Bb5 7.Be2 Bxe2 8.Qxe2 c4 
9.O-O Nc6 10.Nbd2 Na5 11.Re1 Ne7 12.Ng5 h6 13.Qh5 g6 14.Qh3 Bg7 15.Ngf3 
O-O-O 16.Rb1 Nb3 17.Nxb3 Qxb3 18.Be3 Qc2 19.Rec1 Qf5 20.Qxf5 gxf5 21.h4 
Rd7 22.Re1 Rc7 23.g3 Kd7 24.Kf1 b5 25.Ra1 Rb8 26.Reb1 Nc6 27.Ke2 a5 28.Kd1
Rcb7 29.Kc2 b4 30.axb4 axb4 31.Nd2 h5 32.Ra4 bxc3 33.bxc3 Rxb1 34.Nxb1 f6 
35.exf6 Bxf6 36.Nd2 1/2-1/2

[Event "EU-chT Seniors 07th"]
[Site "Dresden"]
[Date "2005.02.18"]
[Round "1"]
[White "Meier, Wolfgang"]
[Black "Staller, Peter"]
[Result "0-1"]
[WhiteElo "2159"]
[BlackElo "2279"]
[EventDate "2005.02.18"]
[PlyCount "94"]

1.Nf3 Nf6 2.c4 c5 3.Nc3 g6 4.g3 Bg7 5.Bg2 O-O 6.O-O d6 7.d4 Nc6 8.d5 Na5 
9.Qd3 Bg4 10.b3 b5 11.Nd2 bxc4 12.Nxc4 Nxc4 13.Qxc4 Rb8 14.Bd2 Qc8 15.Rad1
Bh3 16.Ne4 Nxe4 17.Qxe4 Bxg2 18.Kxg2 Qa6 19.Rfe1 Qxa2 20.Qxe7 Qxb3 21.Qxd6
Rbd8 22.Qc6 Rc8 23.Qa6 Qxd5+ 24.e4 Qc6 25.Qc4 Rfe8 26.f3 Qe6 27.Rc1 Bd4 
28.Be3 Red8 29.Bg5 Qxc4 30.Rxc4 f6 31.Bf4 g5 32.Bc1 Rd6 33.Re2 Rb8 34.Rec2
Rb4 35.Ba3 Rxc4 36.Rxc4 a5 37.f4 gxf4 38.gxf4 Rb6 39.Bc1 Rb4 40.Rc2 a4 41.
Ba3 Rb3 42.Bxc5 Rb2 43.Rxb2 Bxb2 44.Kg3 Kf7 45.Kg4 Kg6 46.e5 f5+ 47.Kh4 a3
0-1

[Event "EU-chT Seniors 07th"]
[Site "Dresden"]
[Date "2005.02.18"]
[Round "1"]
[White "Packroff, Hermann"]
[Black "Petermann, Harald"]
[Result "0-1"]
[WhiteElo "2262"]
[BlackElo "1998"]
[EventDate "2005.02.18"]
[PlyCount "108"]

1.d4 Nf6 2.Bg5 e6 3.Nf3 d5 4.e3 Nbd7 5.c4 c6 6.Nc3 Be7 7.Rc1 a6 8.Bd3 h6 
9.Bh4 dxc4 10.Bxc4 b5 11.Bd3 Bb7 12.O-O Rc8 13.e4 c5 14.e5 Nd5 15.Bxe7 
Qxe7 16.Ne4 O-O 17.Nd6 Rc7 18.Bb1 f5 19.dxc5 Nxc5 20.Qd4 Na4 21.Nh4 Rxc1 
22.Rxc1 Qg5 23.Re1 Nf4 24.Qe3 Bxg2 25.Qg3 Bd5 26.f3 Nxb2 27.Ng2 Nxg2 28.
Kxg2 Nc4 29.Nxc4 Bxc4 30.f4 Qh5 31.Bc2 Rd8 32.Bb3 Rd3 33.Re3 Rxe3 34.Qxe3 
Qg4+ 35.Kf2 Bxb3 36.axb3 Qd1 37.Qc3 Kh7 38.b4 Qd5 39.h4 Qe4 40.Kg3 Qe2 41.
Qd4 Qg4+ 42.Kh2 Qxh4+ 43.Kg2 Qe7 44.Qd6 Qb7+ 45.Kg3 Qc8 46.Qc5 Qe8 47.Qd6 
g5 48.Qxa6 Kg6 49.Qd6 Kf7 50.Qc5 Qd7 51.Qc3 g4 52.Kh4 Kg6 53.Kg3 h5 54.Qc5
Qd3+ 0-1

[Event "EU-chT Seniors 07th"]
[Site "Dresden"]
[Date "2005.02.18"]
[Round "1"]
[White "Pemberton, Clive H"]
[Black "Montell Zabay, Albert"]
[Result "0-1"]
[WhiteElo "2025"]
[BlackElo "2121"]
[EventDate "2005.02.18"]
[PlyCount "52"]

1.e4 d6 2.Bc4 Nf6 3.Nc3 g6 4.f4 c6 5.e5 dxe5 6.fxe5 Bg4 7.Nf3 Nd5 8.O-O 
Bg7 9.d4 O-O 10.Bg5 h6 11.Bh4 Ne3 12.Qd3 Nxf1 13.Rxf1 Bf5 14.Ne4 Nd7 15.
Nfd2 c5 16.Qa3 Bxe4 17.Nxe4 Nxe5 18.dxe5 Qd4+ 19.Bf2 Qxe4 20.Bxc5 Qxc4 21.
Bxe7 Bxe5 22.Qf3 Rfe8 23.Ba3 Rad8 24.c3 Qd5 25.Qh3 Bg7 26.b3 Qd3 0-1

[Event "EU-chT Seniors 07th"]
[Site "Dresden"]
[Date "2005.02.18"]
[Round "1"]
[White "Perk, Egbert"]
[Black "Kristiansen, Erling"]
[Result "1/2-1/2"]
[WhiteElo "1980"]
[BlackElo "2267"]
[EventDate "2005.02.18"]
[PlyCount "63"]

1.c4 Nf6 2.Nc3 c5 3.e4 Nc6 4.Nf3 d6 5.h3 g6 6.d4 cxd4 7.Nxd4 Bg7 8.Be3 O-O
9.Qd2 Bd7 10.Rd1 Rc8 11.Be2 a6 12.O-O Nxd4 13.Bxd4 Bc6 14.Qe3 Qe8 15.e5 
dxe5 16.Bxe5 Rd8 17.b4 Rxd1 18.Rxd1 b5 19.c5 Qa8 20.f3 Rd8 21.Rxd8+ Qxd8 
22.Qd4 Qxd4+ 23.Bxd4 Nd5 24.Bxg7 Kxg7 25.Nxd5 Bxd5 26.a3 e5 27.Kf2 f5 28.
Bd1 Kf6 29.Ke3 g5 30.a4 bxa4 31.Bxa4 Ke6 32.Bc2 1/2-1/2

[Event "EU-chT Seniors 07th"]
[Site "Dresden"]
[Date "2005.02.18"]
[Round "1"]
[White "Potthammel, Joerg"]
[Black "Appelt, Gerd"]
[Result "0-1"]
[WhiteElo "2104"]
[BlackElo "2196"]
[EventDate "2005.02.18"]
[PlyCount "46"]

1.e4 c5 2.Nf3 e6 3.d4 cxd4 4.Nxd4 a6 5.Nd2 Qc7 6.Bd3 Nf6 7.O-O d6 8.Qf3 
Nbd7 9.Qg3 g6 10.Kh1 e5 11.N4b3 Be7 12.f4 Nh5 13.Qf2 exf4 14.Nd4 Ne5 15.
N2f3 Ng4 16.Qe1 O-O 17.Bd2 Bf6 18.c3 Re8 19.Qc1 Be5 20.Ne2 Qb6 21.Nfd4 g5 
22.h3 Ngf6 23.Rf3 Bxd4 0-1

[Event "EU-chT Seniors 07th"]
[Site "Dresden"]
[Date "2005.02.18"]
[Round "1"]
[White "Richardson, Keith B"]
[Black "Strand, Karl W"]
[Result "1/2-1/2"]
[WhiteElo "2222"]
[BlackElo "1838"]
[EventDate "2005.02.18"]
[PlyCount "36"]

1.e4 Nf6 2.e5 Nd5 3.d4 d6 4.c4 Nb6 5.exd6 exd6 6.Nc3 Be7 7.h3 Nc6 8.Nf3 
O-O 9.Be2 Bf6 10.O-O Bf5 11.b3 Re8 12.Be3 h6 13.Rc1 Qd7 14.c5 dxc5 15.dxc5
Bxc3 16.cxb6 Ba5 17.Qxd7 Bxd7 18.Rfd1 Bxb6 1/2-1/2

[Event "EU-chT Seniors 07th"]
[Site "Dresden"]
[Date "2005.02.18"]
[Round "1"]
[White "Rodriguez Vargas, Orestes"]
[Black "Crombleholme, Alan"]
[Result "1-0"]
[WhiteElo "2439"]
[BlackElo "2098"]
[EventDate "2005.02.18"]
[PlyCount "65"]

1.d4 e6 2.c4 Bb4+ 3.Nd2 Nf6 4.a3 Bxd2+ 5.Qxd2 b6 6.b3 Bb7 7.Bb2 d6 8.f3 
Nbd7 9.e4 O-O 10.Bd3 e5 11.Ne2 Ne8 12.O-O Qh4 13.Ng3 g6 14.f4 exd4 15.Bxd4
Nc5 16.Bb2 f6 17.Bc2 Ng7 18.b4 Nd7 19.Ba4 Rad8 20.Rae1 Kh8 21.Bxd7 Rxd7 
22.e5 fxe5 23.fxe5 Rxf1+ 24.Rxf1 Kg8 25.exd6 Rxd6 26.Qc3 Rd7 27.c5 Bd5 28.
c6 Re7 29.Rd1 Qc4 30.Qf6 Qb3 31.Rxd5 Re1+ 32.Nf1 Qe3+ 33.Qf2 1-0

[Event "EU-chT Seniors 07th"]
[Site "Dresden"]
[Date "2005.02.18"]
[Round "1"]
[White "Rovenski, Evjenij"]
[Black "Schroeder, Christian"]
[Result "1-0"]
[WhiteElo "2275"]
[BlackElo "2079"]
[EventDate "2005.02.18"]
[PlyCount "91"]

1.c4 e5 2.Nc3 d6 3.g3 f5 4.Bg2 Nf6 5.e4 Nc6 6.Nge2 fxe4 7.Nxe4 Be7 8.O-O 
O-O 9.d3 Be6 10.Be3 Nxe4 11.Bxe4 d5 12.cxd5 Bxd5 13.Nc3 Bxe4 14.dxe4 Nd4 
15.f4 c5 16.Nd5 Bd6 17.f5 Rc8 18.Qg4 Qd7 19.Rf2 Kh8 20.Qh4 Qf7 21.g4 Qg8 
22.Raf1 Rf7 23.g5 g6 24.fxg6 Rxf2 25.Rxf2 Rf8 26.gxh7 Qxh7 27.Qxh7+ Kxh7 
28.Rxf8 Bxf8 29.Kf2 Kg6 30.Kg3 b5 31.h4 a5 32.Kg4 c4 33.h5+ Kh7 34.g6+ Kg7
35.Kg5 Ne6+ 36.Kf5 Nf4 37.Nxf4 exf4 38.Bxf4 b4 39.h6+ Kg8 40.h7+ Kh8 41.
Be5+ Bg7 42.Bxg7+ Kxg7 43.Ke6 c3 44.bxc3 bxc3 45.h8=Q+ Kxh8 46.Kf7 1-0

[Event "EU-chT Seniors 07th"]
[Site "Dresden"]
[Date "2005.02.18"]
[Round "1"]
[White "Rudnik, Heinz"]
[Black "Alter, Helmut"]
[Result "1-0"]
[WhiteElo "2212"]
[BlackElo "1692"]
[EventDate "2005.02.18"]
[PlyCount "91"]

1.Nf3 Nf6 2.d4 d5 3.e3 e6 4.c4 c6 5.Nc3 Bd6 6.Bd3 Nbd7 7.O-O O-O 8.b3 e5 
9.Bf5 e4 10.Ne1 Bb4 11.Bd2 Nb6 12.Bxc8 Nxc8 13.Nxe4 Bxd2 14.Nxf6+ Qxf6 15.
Qxd2 Ne7 16.Nd3 Rfd8 17.Rac1 Ng6 18.Qe2 dxc4 19.bxc4 Re8 20.Qf3 Qxf3 21.
gxf3 Nh4 22.f4 Nf5 23.a4 Rad8 24.Rb1 Re7 25.c5 f6 26.Rb3 Rdd7 27.Rfb1 Nh4 
28.R1b2 Kf7 29.h3 Nf5 30.Kg2 h5 31.Rb1 Nh4+ 32.Kg3 Nf5+ 33.Kf3 Nh4+ 34.Ke2
Nf5 35.Kd2 Nh4 36.Nb2 Nf5 37.Nc4 Nxd4 38.exd4 Rxd4+ 39.Kc3 Rxf4 40.Nd6+ 
Kg8 41.Rxb7 Rxb7 42.Rxb7 Rxa4 43.Nf5 Rf4 44.Ne7+ Kh7 45.Nxc6 Rxf2 46.Nd4 
1-0

[Event "EU-chT Seniors 07th"]
[Site "Dresden"]
[Date "2005.02.18"]
[Round "1"]
[White "Schenk, Dieter"]
[Black "Bhend, Edwin"]
[Result "0-1"]
[WhiteElo "2000"]
[BlackElo "2240"]
[EventDate "2005.02.18"]
[PlyCount "50"]

1.e4 c5 2.c3 e6 3.d4 d5 4.e5 Nc6 5.Nf3 Qb6 6.a3 c4 7.b4 cxb3 8.Bb2 Na5 9.
Nbd2 Bd7 10.c4 dxc4 11.Nxc4 Nxc4 12.Bxc4 Ne7 13.Qxb3 Qxb3 14.Bxb3 Bc6 15.
O-O Nd5 16.Rfe1 Be7 17.Bc2 O-O 18.Be4 Bd8 19.Bc1 h6 20.Bd2 Be7 21.g4 Rac8 
22.g5 h5 23.g6 fxg6 24.Bg5 Rxf3 25.Bxe7 Nxe7 0-1

[Event "EU-chT Seniors 07th"]
[Site "Dresden"]
[Date "2005.02.18"]
[Round "1"]
[White "Schenk, Manfred"]
[Black "Vucenovic, Dragomir"]
[Result "0-1"]
[WhiteElo "2177"]
[BlackElo "2277"]
[EventDate "2005.02.18"]
[PlyCount "106"]

1.d4 Nf6 2.Nf3 b6 3.c4 e6 4.a3 c5 5.e3 Bb7 6.Nc3 Be7 7.Bd3 O-O 8.O-O d6 9.
Re1 Nbd7 10.b3 a6 11.Bb2 Qc7 12.Qe2 Rac8 13.Rad1 Rfe8 14.h3 Qb8 15.Bc2 Qa8
16.e4 cxd4 17.Rxd4 Bc6 18.Rd2 Qb8 19.Nd4 Bb7 20.Nf3 Bf8 21.Qe3 Ba8 22.Ne2 
e5 23.Nc3 g6 24.Bc1 b5 25.cxb5 axb5 26.b4 Nb6 27.Bb3 Nc4 28.Bxc4 Rxc4 29.
Nd5 Bxd5 30.exd5 Rec8 31.Bb2 Re4 32.Qd3 Rxe1+ 33.Nxe1 Bh6 34.Rd1 Rc4 35.
Nc2 Qc8 36.Ne3 Bxe3 37.Qxe3 Rc2 38.Ba1 Qc4 39.Qf3 Kg7 40.Kh2 Qe4 41.Qxe4 
Nxe4 42.f4 f6 43.fxe5 fxe5 44.Rd3 Nf6 45.Bc3 g5 46.Be1 Kg6 47.h4 g4 48.Kg1
Kf5 49.Rd1 Ke4 50.Bd2 Nxd5 51.Bh6 g3 52.Re1+ Kf5 53.Rd1 Ke6 0-1

[Event "EU-chT Seniors 07th"]
[Site "Dresden"]
[Date "2005.02.18"]
[Round "1"]
[White "Schmidt, Wolfgang3"]
[Black "Schwier, Manfred"]
[Result "1-0"]
[WhiteElo "2317"]
[BlackElo "2142"]
[EventDate "2005.02.18"]
[PlyCount "49"]

1.d4 d5 2.c4 e6 3.Nc3 f5 4.Bf4 c6 5.e3 Nf6 6.Qc2 Be7 7.Nf3 O-O 8.Bd3 Ne4 
9.g4 Nxc3 10.bxc3 dxc4 11.Bxc4 fxg4 12.Ne5 Kh8 13.Bd3 Nd7 14.Bxh7 Nxe5 15.
dxe5 Bg5 16.Rd1 Qe7 17.Bg3 Bh6 18.Be4 g5 19.h3 gxh3 20.Rxh3 Kg7 21.Qe2 Rh8
22.Qh5 Qf7 23.Qg4 Bd7 24.f4 Qe7 25.fxg5 1-0

[Event "EU-chT Seniors 07th"]
[Site "Dresden"]
[Date "2005.02.18"]
[Round "1"]
[White "Schroeter, Helmut"]
[Black "Khmiadashvili, Tamari"]
[Result "0-1"]
[WhiteElo "1969"]
[BlackElo "2257"]
[EventDate "2005.02.18"]
[PlyCount "100"]

1.f4 g6 2.Nf3 Bg7 3.d3 d6 4.g3 c6 5.Bg2 Nh6 6.Nc3 O-O 7.O-O Bg4 8.h3 Bxf3 
9.Rxf3 Nf5 10.e3 d5 11.Kh2 e5 12.e4 dxe4 13.Nxe4 Nd4 14.Rf1 f5 15.c3 fxe4 
16.cxd4 exd4 17.dxe4 Qb6 18.Qg4 Kh8 19.h4 c5 20.f5 Nd7 21.Bg5 Ne5 22.Qe2 
d3 23.Qd2 c4 24.Be7 Rf7 25.Bb4 Ng4+ 26.Kh3 Ne3 27.Rf3 Nc2 28.Ba5 Qxb2 29.
f6 Bf8 30.Bc3 Bb4 31.Bxb2 Bxd2 32.Rd1 Bb4 33.e5 Re8 34.Rf4 Ne3 35.Rxd3 
cxd3 36.Rxb4 d2 37.Bf3 d1=Q 38.Bxd1 Nxd1 39.Bd4 h5 40.Rb1 Ne3 41.Bxe3 Rxe5
42.Bxa7 Re2 43.Bd4 Kg8 44.a3 Rd7 45.Rb2 Rxb2 46.Bxb2 Kf7 47.Bc3 Rd3 48.Bb4
Kxf6 49.Kg2 Kf5 50.Kf2 Kg4 0-1

[Event "EU-chT Seniors 07th"]
[Site "Dresden"]
[Date "2005.02.18"]
[Round "1"]
[White "Simmchen, Werner"]
[Black "Franz, Joachim"]
[Result "1/2-1/2"]
[WhiteElo "2125"]
[BlackElo "2209"]
[EventDate "2005.02.18"]
[PlyCount "58"]

1.d4 Nf6 2.Nc3 d5 3.Bg5 e6 4.e4 Be7 5.e5 Nfd7 6.h4 c5 7.Bxe7 Kxe7 8.f4 
cxd4 9.Qxd4 Nc6 10.Qd2 Qa5 11.h5 h6 12.Nf3 Rd8 13.g4 f6 14.exf6+ Nxf6 15.
g5 Ng4 16.Rg1 d4 17.Ne4 Qxd2+ 18.Kxd2 e5 19.gxh6 gxh6 20.Nh4 Ne3 21.Rg7+ 
Kf8 22.Rc7 Rd7 23.Ng6+ Kg7 24.Rxc6 bxc6 25.Nxe5 Re7 26.Be2 Rxe5 27.fxe5 
Bf5 28.Rg1+ Kf7 29.Nd6+ Ke6 1/2-1/2

[Event "EU-chT Seniors 07th"]
[Site "Dresden"]
[Date "2005.02.18"]
[Round "1"]
[White "Stuerzenbaum, Arthur"]
[Black "Ehlert, Joachim"]
[Result "1-0"]
[WhiteElo "2202"]
[BlackElo "2031"]
[EventDate "2005.02.18"]
[PlyCount "31"]

1.e4 c5 2.Nf3 e6 3.d4 cxd4 4.Nxd4 a6 5.Bd3 b5 6.O-O Bb7 7.a4 bxa4 8.Rxa4 
Nf6 9.Nc3 Be7 10.e5 Nd5 11.Nxd5 Bxd5 12.Qg4 g6 13.Bh6 f5 14.exf6 Bxf6 15.
Re1 Nc6 16.Qxg6+ 1-0

[Event "EU-chT Seniors 07th"]
[Site "Dresden"]
[Date "2005.02.18"]
[Round "1"]
[White "Taksrud, Vidar"]
[Black "Hentzschel, Erhard"]
[Result "1-0"]
[WhiteElo "2025"]
[BlackElo "1995"]
[EventDate "2005.02.18"]
[PlyCount "59"]

1.d4 Nf6 2.Nf3 e6 3.g3 c5 4.Bg2 Nc6 5.O-O cxd4 6.Nxd4 Qb6 7.Nb3 d5 8.Be3 
Qc7 9.Nc3 a6 10.a4 b6 11.Bf4 Qd7 12.e4 dxe4 13.Nxe4 Nd5 14.Bd2 Be7 15.c4 
Nf6 16.a5 Nxe4 17.Bxe4 b5 18.cxb5 axb5 19.Bc3 O-O 20.Qf3 Ra6 21.Rfd1 Qc7 
22.Rac1 f5 23.Bd3 Bg5 24.Rc2 Ne5 25.Bxe5 Qxe5 26.Qe2 Qd5 27.Nc5 Rd6 28.Re1
f4 29.Be4 Qe5 30.Bxh7+ 1-0

[Event "EU-chT Seniors 07th"]
[Site "Dresden"]
[Date "2005.02.18"]
[Round "1"]
[White "Thiessen, Klaus Hinrich"]
[Black "Stavenhagen, Johannes"]
[Result "1-0"]
[WhiteElo "2237"]
[BlackElo "1848"]
[EventDate "2005.02.18"]
[PlyCount "69"]

1.d4 Nf6 2.Nf3 e6 3.c4 Bb4+ 4.Bd2 Bxd2+ 5.Qxd2 Ne4 6.Qc2 d5 7.e3 c6 8.Bd3 
f5 9.O-O O-O 10.b4 Nd7 11.Nc3 Ndf6 12.Ne5 Nxc3 13.Qxc3 Bd7 14.Qc2 Rc8 15.
Rfc1 Qe7 16.Qb2 Ng4 17.Nf3 Rcd8 18.a4 g5 19.b5 Rf7 20.h3 Nh6 21.Ne5 Rg7 
22.cxd5 exd5 23.bxc6 Bxc6 24.Nxc6 bxc6 25.Rxc6 Rg6 26.Rxg6+ hxg6 27.g3 f4 
28.Qd2 Qe6 29.exf4 Qxh3 30.Bf1 Qg4 31.Be2 Qh3 32.fxg5 Nf5 33.Qf4 Qh8 34.
Rd1 Re8 35.Bf3 1-0

[Event "EU-chT Seniors 07th"]
[Site "Dresden"]
[Date "2005.02.18"]
[Round "1"]
[White "Titz, Heimo"]
[Black "Schwertel, Johann"]
[Result "1-0"]
[WhiteElo "2176"]
[BlackElo "2051"]
[EventDate "2005.02.18"]
[PlyCount "47"]

1.c4 c6 2.Nf3 Nf6 3.Nc3 d5 4.e3 Bg4 5.Qb3 Qb6 6.Ne5 e6 7.Nxg4 Nxg4 8.d4 
Nf6 9.Qc2 Nbd7 10.Be2 Be7 11.O-O O-O 12.Rd1 Rac8 13.e4 dxe4 14.Nxe4 Nxe4 
15.Qxe4 Bf6 16.b3 Rfe8 17.Be3 c5 18.Bf3 cxd4 19.Bxd4 Bxd4 20.Rxd4 Nc5 21.
Qe3 Red8 22.Rad1 Rxd4 23.Qxd4 Qb4 24.Qd8+ 1-0

[Event "EU-chT Seniors 07th"]
[Site "Dresden"]
[Date "2005.02.18"]
[Round "1"]
[White "Weise, Wolfgang"]
[Black "Tochtermann, Georg"]
[Result "1-0"]
[WhiteElo "2141"]
[BlackElo "2000"]
[EventDate "2005.02.18"]
[PlyCount "141"]

1.d4 Nf6 2.Nf3 b6 3.e3 Bb7 4.Bd3 g6 5.Nbd2 Bg7 6.O-O d6 7.e4 Nbd7 8.e5 
Bxf3 9.Nxf3 dxe5 10.dxe5 Ng4 11.e6 fxe6 12.Ng5 Nde5 13.Bb5+ c6 14.Bxc6+ 
Nxc6 15.Qxg4 Ne5 16.Qh3 Qd7 17.Bf4 h6 18.Nxe6 Kf7 19.Bxe5 Bxe5 20.Ng5+ Ke8
21.Qf3 Bxh2+ 22.Kxh2 hxg5+ 23.Kg1 Rc8 24.c3 Qd6 25.g3 Qc6 26.Qxc6+ Rxc6 
27.Rad1 Rf8 28.Rfe1 Rff6 29.Rd5 Rf5 30.Rd4 Rcf6 31.Re2 Ra5 32.Rde4 Rf7 33.
b4 Rd5 34.c4 Rd6 35.Kg2 Rdf6 36.a4 Kd8 37.Rd2+ Kc7 38.Red4 e6 39.Ra2 Rf5 
40.Re4 R7f6 41.Rae2 Kd7 42.Rd4+ Kc7 43.Ra2 Rf7 44.a5 bxa5 45.b5 e5 46.Rd5 
e4 47.Rd4 Re5 48.Rxa5 Kb7 49.Ra6 e3 50.fxe3 Rxe3 51.Rxg6 Re2+ 52.Kh3 Re5 
53.Kg4 Rfe7 54.Rc6 Rc7 55.Rxc7+ Kxc7 56.Kh5 Rc5 57.g4 Kb7 58.Rd5 Rxc4 59.
Kxg5 Kb6 60.Kf5 Rc1 61.g5 Rf1+ 62.Ke6 Re1+ 63.Re5 Rg1 64.Kf6 Rf1+ 65.Rf5 
Rg1 66.g6 Kc7 67.g7 Kd6 68.Rg5 Rf1+ 69.Kg6 Ke7 70.g8=Q Rf6+ 71.Kh5 1-0

[Event "EU-chT Seniors 07th"]
[Site "Dresden"]
[Date "2005.02.18"]
[Round "1"]
[White "Wheeler, John Francis"]
[Black "Haug, Kjell Martin"]
[Result "1-0"]
[WhiteElo "2220"]
[BlackElo "1985"]
[EventDate "2005.02.18"]
[PlyCount "81"]

1.d4 Nf6 2.c4 g6 3.Nc3 Bg7 4.e4 d6 5.Be2 Bd7 6.e5 Ng8 7.Nf3 Nc6 8.Bf4 Bg4 
9.O-O dxe5 10.dxe5 e6 11.Qa4 Ne7 12.Rad1 Qc8 13.h3 Bxf3 14.Bxf3 O-O 15.
Rfe1 Rd8 16.Rxd8+ Qxd8 17.Bg5 Qe8 18.Qb5 Nd4 19.Qxe8+ Rxe8 20.Bxb7 Ndc6 
21.Bxc6 Nxc6 22.f4 h6 23.Bh4 g5 24.fxg5 hxg5 25.Bxg5 Nxe5 26.Nb5 Nxc4 27.
b3 Ne5 28.Nxc7 Rc8 29.Na6 Ng6 30.Be3 Bf8 31.Rc1 Ne7 32.Rxc8 Nxc8 33.Kf2 f5
34.a4 Be7 35.Nb8 Bd8 36.Nc6 Bb6 37.a5 Bxe3+ 38.Kxe3 Kf7 39.Kd4 Ke8 40.Ke5 
Kd7 41.Nd4 1-0

[Event "EU-chT Seniors 07th"]
[Site "Dresden"]
[Date "2005.02.18"]
[Round "1"]
[White "Wilson, Peter JB"]
[Black "Anguera Maestro, Jaime"]
[Result "0-1"]
[WhiteElo "2123"]
[BlackElo "2159"]
[EventDate "2005.02.18"]
[PlyCount "38"]

1.e4 e5 2.f4 exf4 3.Nf3 d5 4.exd5 Nf6 5.Bb5+ Bd7 6.Qe2+ Be7 7.d4 Nxd5 8.
Bxd7+ Nxd7 9.c4 Ne3 10.Bxe3 fxe3 11.Qxe3 O-O 12.O-O Re8 13.Re1 c5 14.d5 
Bf6 15.Qxe8+ Qxe8 16.Rxe8+ Rxe8 17.Nc3 Nb6 18.Nd2 Re3 19.Na4 Nxa4 0-1

[Event "EU-chT Seniors 07th"]
[Site "Dresden"]
[Date "2005.02.18"]
[Round "1"]
[White "Zanger, Konrad"]
[Black "Petzold, Hans"]
[Result "0-1"]
[WhiteElo "1603"]
[BlackElo "2137"]
[EventDate "2005.02.18"]
[PlyCount "98"]

1.d4 Nf6 2.Nf3 e6 3.Nbd2 d5 4.g3 c5 5.c3 Nc6 6.Bg2 Qb6 7.e3 Bd7 8.O-O Rc8 
9.Re1 Be7 10.e4 cxd4 11.exd5 Nxd5 12.c4 Nf6 13.Nb3 O-O 14.Nfxd4 Nxd4 15.
Qxd4 Qxd4 16.Nxd4 Rxc4 17.Be3 Bc5 18.Rad1 e5 19.Nb3 Bxe3 20.fxe3 b6 21.Rd2
a5 22.Rf1 Be6 23.Na1 Ne4 24.Bxe4 Rxe4 25.Kf2 a4 26.a3 Rc4 27.Nc2 Rfc8 28.
Nb4 Kf8 29.Kg2 Ke7 30.h3 R8c5 31.g4 h5 32.gxh5 Rh4 33.Rf3 Bc8 34.Rg3 Rxh5 
35.Kh2 Be6 36.Rc2 Rxc2+ 37.Nxc2 g5 38.Kg2 f6 39.Nb4 Rh4 40.Rf3 Rxb4 41.
axb4 Bd5 42.Kg3 Bxf3 43.Kxf3 f5 44.Kg3 Ke6 45.h4 gxh4+ 46.Kxh4 Kd5 47.Kg5 
Ke4 48.Kf6 f4 49.exf4 exf4 0-1